| 000 | 00366nam a22001697a 4500 | ||
|---|---|---|---|
| 005 | 20260619133002.0 | ||
| 020 | _a9788199009615 | ||
| 041 | _aEnglish | ||
| 082 | _aT16 R25 JEE | ||
| 100 | _aJeevabharathi K | ||
| 245 | _aKaalamthorum Communisugal Part 2 | ||
| 250 | _a01 | ||
| 260 |
_aChennai _bNCBH _c2025 |
||
| 300 | _a252 | ||
| 365 | _b500.00 | ||
| 942 | _cBK | ||
| 999 |
_c177967 _d177967 |
||